000 00582nam a2200193Ia 4500
003 GCL
008 140319s9999 xx 000 0 ara d
020 _a0455040977
040 _aGCL /
_cGCL
082 0 4 _a070.41
_bش ف
100 1 _aشريف درويش اللبان
245 1 0 _aفن الاخراج الصحفى /
_cشريف درويش اللبان
260 _aالقاهرة :
_bالعربى للنشر والتوزيع ،
_c1997
300 _a299 ص ؛
_c24 سم
490 _a
650 0 4 _aالصحافة
650 0 4 _aالصحافة - تحرير
942 _2ddc
_cBK
999 _c54730
_d54730